লালন দর্শনে মানবতাবাদ / (Record no. 79728)
[ view plain ]
| 000 -LEADER | |
|---|---|
| fixed length control field | 01589nam a2200289 a 4500 |
| 001 - CONTROL NUMBER | |
| RUCL Control Number | 79728 |
| 003 - CONTROL NUMBER IDENTIFIER | |
| rucl marc code | BD-RjUL |
| 005 - DATE AND TIME OF LATEST TRANSACTION | |
| control field | 20220817113916.0 |
| 008 - FIXED-LENGTH DATA ELEMENTS--GENERAL INFORMATION | |
| fixed length control field | 220419s2010 bg a|||| m||| 00| 0 ben d |
| 035 ## - SYSTEM CONTROL NUMBER | |
| system control number | (BD-RjUL)79728 |
| 040 ## - CATALOGING SOURCE | |
| Original cataloging agency | BD-RjUL |
| Language of cataloging | ben/eng |
| Transcribing agency | BD-RjUL |
| Modifying agency | BD-RjUL |
| 041 ## - LANGUAGE CODE | |
| Language code of Book | ben |
| 082 ## - DEWEY DECIMAL CLASSIFICATION NUMBER | |
| DDC Edition number | 23 |
| Classification number | 144.092 |
| Author mark and Year | KHL 2010 |
| 100 ## - MAIN ENTRY--PERSONAL NAME | |
| Personal name | খালেদউজ্জামান, মো: |
| 9 (RLIN) | 2570 |
| 245 10 - TITLE STATEMENT | |
| Title | লালন দর্শনে মানবতাবাদ / |
| Statement of responsibility, etc | মো. খালেদউজ্জামান ; |
| Name of Supervisor/Co-Supervisor | তত্ত্বাবধায়ক : জিতেন্দ্র নাথ সরকার |
| 246 ## - VARYING FORM OF TITLE | |
| Title proper/short title | Humanism in the philosophy Lalon |
| 260 ## - PUBLICATION, DISTRIBUTION, ETC. (IMPRINT) | |
| Place of publication, distribution, etc | রাজশাহী : |
| Name of publisher, distributor, etc | দর্শন বিভাগ, রাজশাহী বিশ্ববিদ্যালয়, |
| Date of publication, distribution, etc | ২০১০ |
| 300 ## - PHYSICAL DESCRIPTION | |
| Pagination | [৩], viii, ৩৩৪ পাতা : |
| Other physical details | চিত্র ; |
| Dimensions | ২৯ সেমি. |
| 502 ## - DISSERTATION NOTE | |
| Dissertation note | থিসিস (পিএইচ. ডি.)-- দর্শন বিভাগ, রাজশাহী বিশ্ববিদ্যালয়, ২০১০ |
| 504 ## - BIBLIOGRAPHY, ETC. NOTE | |
| Bibliography, etc | গ্রন্থপঞ্জী: পাতা [৩২৪]-৩৩৪ |
| 600 ## - SUBJECT ADDED ENTRY--PERSONAL NAME | |
| Personal name | শাহ, লালন |
| Titles and other words associated with a name | ফকির |
| Dates associated with a name | ১৭৭৪-১৮৯০ খ্রিষ্টাব্দ |
| General subdivision | জীবনী |
| -- | 4403 |
| Personal name | Shah, Lalon |
| Titles and other words associated with a name | fakir |
| Dates associated with a name | 1774-1890 A. D. |
| General subdivision | Biography |
| -- | 4404 |
| 650 ## - SUBJECT ADDED ENTRY--TOPICAL TERM | |
| Topical term or geographic name as entry element | মানবতাবাদ |
| Topical term or geographic name as entry element | Humanism |
| 700 ## - ADDED ENTRY--SUPERVISOR/CO-SUPERVISOR NAME | |
| Personal name | সরকার, জিতেন্দ্র নাথ, তত্ত্বাবধায়ক |
| 9 (RLIN) | 2573 |
| 942 ## - ADDED ENTRY ELEMENTS (KOHA) | |
| Source of classification or shelving scheme | Dewey Decimal Classification |
| Koha item type | Theses |
| Source of classification or shelving scheme | Damaged status | Not for loan | Collection code | Permanent Location | Current Location | Shelving location | Date of accession | Source of acquisition | Total Checkouts | Full call number | Barcode | Date last seen | Copy number | Thesis |
|---|---|---|---|---|---|---|---|---|---|---|---|---|---|---|
| Dewey Decimal Classification | Not For Loan | Theses | Central Library, University of Rajshahi | Central Library, University of Rajshahi | Documentation Section | 26/05/2011 | Controller of Exam. R.U. | BTHE 144.092 KHL 2010 | D3229 | 19/04/2022 | C-1 | Theses |